000 00538nam a22001697a 4500
999 _c19513
_d19513
003 BDDh-ASL
005 20231015025803.0
008 201207s2003 bg ||||| |||| 00| 0 eng d
040 _aBDDh-ASL
_cBDDh-ASL
082 _a954
_bBAT
100 1 _92334
_aBandyopadhyay, Premansu Kumar
245 1 0 _aTulsi Leaves and the Ganges Water :
_bThe Slogan of the first Sepoy Mutiny at Barrackpore 1824 /
260 _aKolkata:
_bK P Bagchi & Company,
_c2003.
300 _a239 p. :
_c22 cm.
650 0 _91349
_aHistory
_zIndia
942 _2ddc
_cBK